Álbum poético a S.M. la Reina Dª María Cristina : (Record no. 21700)
[ view plain ]
| 000 -LEADER | |
|---|---|
| campo de control de longitud fija | 00782nam a2200205 i 4500 |
| 001 - NÚMERO DE CONTROL | |
| campo de control | 21700 |
| 003 - IDENTIFICADOR DE NÚMERO DE CONTROL | |
| campo de control | ES-MaACL |
| 005 - FECHA Y HORA DE LA ÚLTIMA TRANSACCIÓN | |
| campo de control | 20240424091324.0 |
| 007 - CAMPO FIJO DE DESCRIPCIÓN FÍSICA--INFORMACIÓN GENERAL | |
| campo de control de longitud fija | t| |
| 008 - DATOS DE LONGITUD FIJA--INFORMACIÓN GENERAL | |
| campo de control de longitud fija | 021127s1844 sp ai |||| | spa d |
| 080 ## - NÚMERO DE LA CLASIFICACIÓN DECIMAL UNIVERSAL | |
| Número de la Clasificación Decimal Universal | 821.134.2-1"18"(082.2) |
| 245 00 - MENCIÓN DEL TÍTULO | |
| Título | Álbum poético a S.M. la Reina Dª María Cristina : |
| Resto del título | homenage [sic] de gratitud y amor de la juventud valenciana. |
| 260 ## - PUBLICACIÓN, DISTRIBUCIÓN, ETC. | |
| Lugar de publicación, distribución, etc. | Valencia : |
| Nombre del editor, distribuidor, etc. | [s.n.], |
| Fecha de publicación, distribución, etc. | 1844 ( |
| Fabricante | Imp. de López y Compañía) |
| 300 ## - DESCRIPCIÓN FÍSICA | |
| Extensión | 44 p., [4] h. de lám. ; |
| Dimensiones | 27 cm. |
| 599 ## - NOTA A LAS ILUSTRACIONES | |
| NOTA A LAS ILUSTRACIONES | Cub. con litogr. col.: invenc.ª Tellez ; lit.ª Pascual. |
| 600 04 - PUNTO DE ACCESO ADICIONAL DE MATERIA--NOMBRE DE PERSONA | |
| Nombre de persona | María Cristina, |
| Títulos y otros términos asociados al nombre | Reina consorte de Fernando VII, Rey de España ( |
| Fechas asociadas al nombre | 1806-1878) |
| 9 (RLIN) | 150801 |
| 650 #4 - PUNTO DE ACCESO ADICIONAL DE MATERIA--TÉRMINO DE MATERIA | |
| Término de materia o nombre geográfico como elemento de entrada | Poesía española- |
| Subdivisión cronológica | S.XIX |
| 9 (RLIN) | 16217 |
| 852 4# - LOCALIZACIÓN | |
| Ubicación | ES-MaACL |
| Número de control de estantería | T-45-F-4 |
| Estatus retirado | Estado de pérdida | Estado de daño | No para préstamo | Colección | Biblioteca de origen | Biblioteca actual | Ubicación en estantería | Fecha de adquisición | Fuente de adquisición | Total de préstamos | Signatura topográfica completa | Código de barras | Visto por última vez | Precio de reemplazo | Tipo de ítem Koha |
|---|---|---|---|---|---|---|---|---|---|---|---|---|---|---|---|
| Colección de folletos | Biblioteca del Ateneo de Madrid | Biblioteca del Ateneo de Madrid | Depósito folletos | 17/01/2008 | T-45-F-4 | 1022304 | 23/02/2023 | 23/02/2023 | Folleto |
